000 02128nam a2200349 a 4500
001 000039157
005 20240302073950.0
008 130528s2013 dr r 001 0 spa d
020 _z9789945877557
040 _aDO-SdBNP
_bspa
_cBNPHU
082 _a338.980
_bC548n, 2013
100 1 _aChomsky, Noam,
_d1928-
_95111
245 1 0 _aNoam Chomsky en República Dominicana /
_cNoam Chomsky, José Santana ; Introducción Roberto Cassá ; traducción Miriam Véliz.
260 _aSanto Domingo :
_bEDIT.as,
_c2013.
_fBúho,
300 _a185 p. ;
_c27 cm.
500 _aTraducción al español para la República Dominicana de las conferencias dictadas por Chomsky en marzo del 2006.
500 _aIncluye índice onomástico.
500 _aIncluye datos biográficos del autores en las solapas de la cubierta.
504 _aIncluye bibliografía y notas al pie de páginas y al final de capítulos.
505 0 _gPresentación /
_rJosé Santana --
_gIntroducción /
_rRoberto Cassá --
_gNoam Chomsky en República Dominicana:
_tDemocracia y desarrollo en latinoamerica --
_tLatinoamerica y la política exterior estadounidense --
_gPanorámica latinoamericana:
_tArgentina --
_tBolivia --
_tBrasil --
_tChile --
_tEcuador --
_tGolpe de estado en Honduras --
_tVenezuela --
_gApéndice:
_tExploraciones biolingüísticas: diseño, desarrollo y evolución --
_gIndice onomástico.
590 _aInventariado, 2018/BT
650 4 _aDesarrollo económico
_vENSAYOS, CONFERENCIAS, ETC.
_99472
651 4 _aRepública Dominicana
_xPolítica Económica
_vENSAYOS, CONFERENCIAS, ETC.
_963279
651 4 _aAmérica Latina
_xPolítica Y Gobierno
_vENSAYOS, CONFERENCIAS, ETC.
_963280
651 4 _aAmérica Latina
_xCondiciones Económicas
_vENSAYOS, CONFERENCIAS, ETC.
_963281
651 4 _aAmérica Latina
_xPolítica Económica
_vENSAYOS, CONFERENCIAS, ETC.
_963282
651 4 _aRepública Dominicana
_xCondiciones Económicas
_vENSAYOS, CONFERENCIAS, ETC.
_963283
700 1 2 _aSantana, José
_963284
700 1 2 _aVéliz, Miriam,
_etr.
_965358
700 1 2 _aCassá, Roberto,
_d1948-
_eintrod.
_910888
910 _aValidado. Control de calidad. EMS
999 _c38647
_d38647